Faculty of Law Library — Cairo University

Official Online Catalog

البراءة والإدانة في جريمة البلاغ الكاذب في ضوء آراء الفقهاء وأحكام القضاء : (Record no. 76827)

MARC details
000 -LEADER
fixed length control field 01540nam a2200313 i 4500
003 - CONTROL NUMBER IDENTIFIER
control field EG-GICUC
005 - DATE AND TIME OF LATEST TRANSACTION
control field 20260513193951.0
008 - FIXED-LENGTH DATA ELEMENTS--GENERAL INFORMATION
fixed length control field 260513m20142015ua ||||fr|||| 00| 0 ara d
040 ## - CATALOGING SOURCE
Original cataloging agency EG-GICUC
Language of cataloging ara
Transcribing agency EG-GICUC
Modifying agency EG-GICUC
Description conventions rda
041 ## - LANGUAGE CODE
Language code of text/sound track or separate title ara
Language code of original ara
082 04 - DEWEY DECIMAL CLASSIFICATION NUMBER
Edition number 21
Classification number 343.263
Item number م ح . ب
092 04 - LOCALLY ASSIGNED DEWEY CALL NUMBER (OCLC)
Edition number 21
099 ## - LOCAL FREE-TEXT CALL NUMBER (OCLC)
Classification number Law1 10 343.263 م ح . ب 1 ed - 2014
100 0# - MAIN ENTRY--PERSONAL NAME
Personal name محمد أحمد محمود
Relator term مؤلف.
245 12 - TITLE STATEMENT
Title البراءة والإدانة في جريمة البلاغ الكاذب في ضوء آراء الفقهاء وأحكام القضاء :
Remainder of title ما هية جريمة البلاغ الكاتب وتعريفها وأركانها - عقوبة الجريمة وبيانات حكم الإدانة وتعليمات النيابات - نماذج من صيغ دعاوي جريمة البلاغ ومذكرات الدفاع والدفوع /
Statement of responsibility, etc. تأليف دكتور محمد أحمد محمود.
250 ## - EDITION STATEMENT
Edition statement الطبعة الأولبى
Remainder of edition statement 2014
264 #1 - PRODUCTION, PUBLICATION, DISTRIBUTION, MANUFACTURE, AND COPYRIGHT NOTICE
Place of production, publication, distribution, manufacture القاهرة :
Name of producer, publisher, distributor, manufacturer شركة أل طلال للنشر والتوزيع،
Date of production, publication, distribution, manufacture, or copyright notice 2014.
300 ## - PHYSICAL DESCRIPTION
Extent 104 صفحة ;
Dimensions 24 سم.
336 ## - CONTENT TYPE
Source rda content
Content type term text
337 ## - MEDIA TYPE
Source rda media
Media type term Computer
338 ## - CARRIER TYPE
Source rda carrier
Carrier type term Online Resource
504 ## - BIBLIOGRAPHY, ETC. NOTE
Bibliography, etc. note يشتمل على إرجاعات ببليوجرافية.
546 ## - LANGUAGE NOTE
Language note النص باللغة العربية
650 1# - SUBJECT ADDED ENTRY--TOPICAL TERM
Topical term or geographic name entry element القانون الجنائي
650 1# - SUBJECT ADDED ENTRY--TOPICAL TERM
Topical term or geographic name entry element البلاغ الكاذب
856 40 - ELECTRONIC LOCATION AND ACCESS
Uniform Resource Identifier <a href="https://fll.law.cu.edu.eg/fulltext/bks/B10-12229.pdf">https://fll.law.cu.edu.eg/fulltext/bks/B10-12229.pdf</a>
905 ## - Cataloger and Reviser Names
Cataloger Name: Gomana
942 ## - ADDED ENTRY ELEMENTS (KOHA)
Source of classification or shelving scheme Dewey Decimal Classification
Suppress in OPAC No
Koha item type Books
Edition 21
Holdings
Withdrawn status Lost status Source of classification or shelving scheme Damaged status Not for loan Collection Home library Current library Date acquired Total checkouts Full call number Barcode Date last seen Copy number Price effective from Koha item type
    Dewey Decimal Classification   Not for loan القانون الجنائي جــــامعة القــاهرة مكتبة كلية الحقوق - المبنى الرئيسي 13.05.2026   Law1 10 343.263 م ح . ب 1 ed - 2014 1012229 C1 B10-12229 13.05.2026 1 13.05.2026 Books

© All rights reserved — Faculty of Law, Cairo University